ACE Agreement B(2) 2002 Mechanical and Electrical Engineering Services Non Lead Consultant (Record no. 102959)

MARC details
000 -LEADER
fixed length control field 01118cam a2200253 4500
001 - CONTROL NUMBER
control field J122933
008 - FIXED-LENGTH DATA ELEMENTS--GENERAL INFORMATION
fixed length control field 030326n2002 000 0 eng u
035 ## - SYSTEM CONTROL NUMBER
System control number (Sirsi) u122933
041 ## - LANGUAGE CODE
Language code of text/sound track or separate title eng.
050 ## - LIBRARY OF CONGRESS CALL NUMBER
Classification number 621
-- 18
110 ## - MAIN ENTRY--CORPORATE NAME
Corporate name or jurisdiction name as entry element Association of Consulting Engineers
9 (RLIN) 1225
245 ## - TITLE STATEMENT
Title ACE Agreement B(2) 2002 Mechanical and Electrical Engineering Services Non Lead Consultant
260 ## - PUBLICATION, DISTRIBUTION, ETC.
Place of publication, distribution, etc. London
Name of publisher, distributor, etc. ACE
Date of publication, distribution, etc. 2002
300 ## - PHYSICAL DESCRIPTION
Extent 38p.
Dimensions 31cm.
350 ## - PRICE (NR) (BK AM CF MU VM SE) [OBSOLETE]
Price 24
520 ## - SUMMARY, ETC.
Summary, etc. This agreement is intended for use when the consulting engineer is appointed directly by the client but not as lead consultant for the provision of mechanical and electrical engineering services. It should be used in conjunction with the guidance document A/B - 'ACE Agreements 2002 guidance' - a copy of which is included in the folder containing the agreement.
650 ## - SUBJECT ADDED ENTRY--TOPICAL TERM
Topical term or geographic name entry element MECHANICAL ENGINEERING CONTRACTS
650 ## - SUBJECT ADDED ENTRY--TOPICAL TERM
Topical term or geographic name entry element ELECTRICAL ENGINEERING CONTRACTS
650 ## - SUBJECT ADDED ENTRY--TOPICAL TERM
Topical term or geographic name entry element CONSULTING ENGINEERS
650 ## - SUBJECT ADDED ENTRY--TOPICAL TERM
Topical term or geographic name entry element DESIGN AND BUILD CONTRACTORS
650 ## - SUBJECT ADDED ENTRY--TOPICAL TERM
Topical term or geographic name entry element LEAD CONSULTANTS
690 ## - LOCAL SUBJECT ADDED ENTRY--TOPICAL TERM (OCLC, RLIN)
Topical term or geographic name as entry element BUILDING AND CONSTRUCTION-ENGINEERING
942 ## - ADDED ENTRY ELEMENTS (KOHA)
Suppress in OPAC 0
Holdings
Withdrawn status Lost status Source of classification or shelving scheme Damaged status Not for loan Home library Current library Shelving location Date acquired Total Checkouts Full call number Barcode Date last seen Date last checked out Copy number Price effective from Koha item type
    Dewey Decimal Classification     London London Boxed set 04/07/2003 7 ACE 2002/4 30068527 06/08/2019 30/04/2009 1 06/08/2019 Book